000 00367nam a2200145Ia 4500
008 240126s9999 xx 000 0 und d
022 _a2249-4103
041 _aEnglish
082 _aLIBRARY-MBA
245 0 _aGGGI Management Review
260 _bGalaxy Global Group of Institutions
_aHaryana
440 _aNULL
650 _aGGGI,Management,Review
942 _cJN
999 _c272891
_d272891